|
|
|
|
| LEADER |
00000nam0a2200000 4500 |
| 001 |
682222 |
| 005 |
20251013131159.0 |
| 090 |
|
|
|a 682222
|
| 100 |
|
|
|a 20251013d1977 k||y0rusy50 ca
|
| 101 |
0 |
|
|a rus
|
| 102 |
|
|
|a RU
|
| 105 |
|
|
|a a z 001yy
|
| 181 |
|
0 |
|a i
|b e
|
| 182 |
|
0 |
|a n
|
| 183 |
|
0 |
|a nc
|2 RDAcarrier
|
| 200 |
1 |
|
|a Повышение эффективности разработки жильных месторождений
|e материалы всесоюзного координационного совещания
|f Институт физики Земли им. О. Ю. Шмидта АН СССР
|
| 203 |
|
|
|a Текст
|b визуальный
|c непосредственный
|
| 210 |
|
|
|a Москва
|c [б. и.]
|d 1977
|
| 215 |
|
|
|a 240 с.
|c ил.
|
| 283 |
|
|
|a volume
|2 RDAcarrier
|
| 320 |
|
|
|a Литература в конце статей
|
| 606 |
|
|
|a Жильные месторождения
|x Системы разработки
|9 38103
|
| 610 |
1 |
|
|a крутопадающие месторождения
|
| 610 |
1 |
|
|a наклонные месторождения
|
| 610 |
1 |
|
|a очистные работы
|
| 610 |
1 |
|
|a механизированные крепи
|
| 675 |
|
|
|a 622.34
|v 4
|
| 712 |
0 |
2 |
|a Академия наук СССР
|b Институт физики Земли им. О. Ю. Шмидта
|c (Москва)
|c (1956-1991)
|4 570
|9 23276
|
| 801 |
|
0 |
|a RU
|b 63413507
|c 20251013
|
| 830 |
|
|
|a Ретро2025Каталогизация Мотырева
|
| 850 |
|
|
|a 63413507
|
| 942 |
|
|
|c BK
|